Odd One Out Countries Quiz - Statistics

General Stats
  • This quiz has been taken 224 times
    184 since last reset
  • The average score is 4 of 10
Answer Stats
Question Answer % Correct
Which of these is the odd one out? Maldives
67%
Which of these is the odd one out? USA
67%
Which of these is the odd one out? Australia
50%
Which of these is the odd one out? Switzerland
44%
Which of these is the odd one out? China
33%
Which of these is the odd one out? Madagascar
28%
Which of these is the odd one out? Colombia
22%
Which of these is the odd one out? Egypt
22%
Which of these is the odd one out? Liechtenstein
22%
Which of these is the odd one out? Syria
11%
No matching quizzes found
Score Distribution
Percent of People with Each Score
Percentile by Number Answered
Your Score History
You have not taken this quiz since the last reset